| 000 | 00797nam a2200277 a 4500 | ||
|---|---|---|---|
| 008 | 951127s1994 ---xo ra 0 slo c | ||
| 020 |
_a8088699045 _c10 |
||
| 040 |
_aSNK _bslo _cSNK _eAACR2 |
||
| 041 | 1 |
_aslo _heng |
|
| 044 |
_axo _cSK |
||
| 080 | _a820 (73)-3 | ||
| 100 | 1 |
_aAbbey, Edward _4aut |
|
| 245 | 1 | 0 |
_aGang obrancov Zeme _cEdward Abbey |
| 250 | _a1. vyd. | ||
| 260 |
_aTulčík _bAbies _c1994 |
||
| 300 |
_a346 s. _c21 cm |
||
| 490 | 1 |
_aEkofilozofia _v7 |
|
| 500 | _aZ amer. orig. prel. Ján Dulla | ||
| 650 | 0 | 7 |
_aliteratúra americká _xromány spoločenské _2SNK |
| 650 | 0 | 7 |
_aromány spoločenské _xliteratúra americká _2SNK |
| 700 | 1 |
_aDulla, Ján _4trl |
|
| 700 | 1 |
_aVicová, Lucia _4bjd |
|
| 760 | 1 | _tEkofilozofiag7 | |
| 765 | 0 | _tThe Monkey Wrench Gang | |
| 958 | _aAUL | ||
| 999 |
_c15268 _d15268 |
||